Tally Hall Members - Statistics

General Stats
  • This quiz has been taken 36 times
  • The average score is 5 of 6
Answer Stats
Hint Answer % Correct
Red Tie Joe Hawley
100%
Green Tie Andrew Horowitz
93%
Yellow Tie Rob Cantor
93%
Grey Tie Ross Federman
90%
Blue Tie Zubin Sedghi
90%
Orange Tie Bora Karaca
83%
No matching quizzes found
Score Distribution
Percent of People with Each Score
Percentile by Number Answered
Your Score History
You have not taken this quiz